Famour Architect and Buildings Quiz Stats

 Plays Quiz not verified by Sporcle

Challenge
Share
Tweet
Embed
Score 0/12 Timer 05:00
0 Plays Today
Building Architect % Correct
Fallingwater_Pennsylvania, USAFrank Lloyd Wright
96.2%
Villa Savoye_Poissy, FranceLe Corbusier
90.6%
Louvre Pyramid_Paris, FranceI. M. Pei
88.7%
Bauhaus Dessau_Dessau, GermanyWalter Gropius
86.8%
Sagrada familia_Barcelona, SpainAntonio Gaudi
84.9%
Villa Capra 'La Rotonda'_Vicenze, ItalyAndrea Palladio
75.5%
Centre Georges Pompidou_Paris, FranceRenzo Piano + Richard Rogers
73.6%
Church of the Light_Osaka, JapanTadao Ando
66%
Lloyd's building_London, EnglandRichard Rogers
64.2%
Barcelona pavilion_Barcelona, SpainLudwig Mies van der Rohe
58.5%
AEG Turbine Factory_Berling, GermanyPeter Behrens
49.1%
Brion-Vega Cemetery, San Vito d'Altivole, ItalyCarlo Scarpa
24.5%

You're not logged in!

Compare scores with friends on all Sporcle quizzes.
OR
Log In

You Might Also Like...

Show Comments

Extras

Created Jul 24, 2010ReportNominate
Tags:architect, building

Top Quizzes Today


Score Distribution

Your Account Isn't Verified!

In order to create a playlist on Sporcle, you need to verify the email address you used during registration. Go to your Sporcle Settings to finish the process.

Report this User

Report this user for behavior that violates our Community Guidelines.

Details: